UBT Library

Standarde dhe Identitete (Record no. 60860)

000 -LEADER
fixed length control field 00301nam a22001337a 4500
008 - FIXED-LENGTH DATA ELEMENTS--GENERAL INFORMATION
fixed length control field 260225b ||||| |||| 00| 0 eng d
020 ## - INTERNATIONAL STANDARD BOOK NUMBER
International Standard Book Number 9951050409
041 ## - LANGUAGE CODE
Language code of text/sound track or separate title eng
080 ## - UNIVERSAL DECIMAL CLASSIFICATION NUMBER
Universal Decimal Classification number 2.1
100 ## - Rafti
Rafti 20.1
101 ## - Shkurtesa
Shkurtesa politik
245 ## - TITLE STATEMENT
Title Standarde dhe Identitete
Statement of responsibility, etc Rexhep Ismajli
942 ## - ADDED ENTRY ELEMENTS (KOHA)
Source of classification or shelving scheme
Item type Books
Holdings
Withdrawn status Lost status Source of classification or shelving scheme Damaged status Not for loan Collection code Permanent location Current location Date acquired Total Checkouts Barcode Date last seen Price effective from Koha item type
          Koleksioni i përgjithshem UBT - Lipjan UBT - Lipjan 02/25/2026   002-800070999440 02/25/2026 02/25/2026 Books
          Koleksioni i përgjithshem UBT - Lipjan UBT - Lipjan 03/26/2026   003-800070999480 03/26/2026 03/26/2026 Books
          Koleksioni i përgjithshem UBT - Lipjan UBT - Lipjan 03/26/2026   003-800070999481 03/26/2026 03/26/2026 Books
          Koleksioni i përgjithshem UBT - Lipjan UBT - Lipjan 04/07/2026   003-800070999603 04/07/2026 04/07/2026 Books
          Koleksioni i përgjithshem UBT - Lipjan UBT - Lipjan 04/07/2026   003-800070999604 04/07/2026 04/07/2026 Books
          Koleksioni i përgjithshem UBT - Lipjan UBT - Lipjan 04/07/2026   003-800070999605 04/07/2026 04/07/2026 Books
          Koleksioni i përgjithshem UBT - Lipjan UBT - Lipjan 04/07/2026   003-800070999606 04/07/2026 04/07/2026 Books
          Koleksioni i përgjithshem UBT - Lipjan UBT - Lipjan 04/07/2026   003-800070999607 04/07/2026 04/07/2026 Books
          Koleksioni i përgjithshem UBT - Lipjan UBT - Lipjan 04/07/2026   003-800070999608 04/07/2026 04/07/2026 Books
          Koleksioni i përgjithshem UBT - Lipjan UBT - Lipjan 04/07/2026   003-800070999609 04/07/2026 04/07/2026 Books
          Koleksioni i përgjithshem UBT - Lipjan UBT - Lipjan 04/07/2026   003-800070999610 04/07/2026 04/07/2026 Books
          Koleksioni i përgjithshem UBT - Lipjan UBT - Lipjan 04/07/2026   003-800070999611 04/07/2026 04/07/2026 Books
          Koleksioni i përgjithshem UBT - Lipjan UBT - Lipjan 04/07/2026   003-800070999612 04/07/2026 04/07/2026 Books
          Koleksioni i përgjithshem UBT - Lipjan UBT - Lipjan 04/20/2026   003-80007100000 04/20/2026 04/20/2026 Books
          Koleksioni i përgjithshem UBT - Lipjan UBT - Lipjan 04/28/2026   003800070999313 04/28/2026 04/28/2026 Books
          Koleksioni i përgjithshem UBT - Lipjan UBT - Lipjan 04/28/2026   003800070999314 04/28/2026 04/28/2026 Books
          Koleksioni i përgjithshem UBT - Lipjan UBT - Lipjan 04/28/2026   003800070999315 04/28/2026 04/28/2026 Books
UBT Library © 2015-2024. All rights reserved University Education for Business and Technology